Biblioteca

La isla del tesoro (Registro nro. 67963)

Detalles MARC
000 -LÍDER
Campo fijo de descripción fija 01675nam a2200193 i 4500
001 - NÚMERO DE CONTROL
Campo de control 768714001
003 - IDENTIFICADOR DEL NÚMERO DE CONTROL
Campo de control CO-MdFUSB
005 - FECHA Y HORA DE LA ULTIMA TRANSACCIÓN
control field 20220715151211.0
008 - ELEMENTOS DE LONGITUD FIJA -- INFORMACIÓN GENERAL
Campo fijo de descripción fija -- Información general 220715t1984 ck |||| |||| 00| 0 spa d
040 ## - FUENTE DE CATALOGACIÓN
Idioma de catalogación spa
Agencia Catalogadora CO-MdFUSB
Agencia que realiza la transcripción CO-MdFUSB
Agencia que realiza la modificación CO-MdFUSB
041 ## - CÓDIGO DE IDIOMA
Código de idioma para texto/pista de sonido o título separado spa
100 ## - ASIENTO PRINCIPAL--NOMBRE PERSONAL
Nombre personal Stevenson, Robert Louis,
Término relacionador autor
245 #3 - TÍTULO
Título La isla del tesoro
Mención de responsabilidad / Robert Louis Stevenson
300 ## - DESCRIPCIÓN FÍSICA
Extensión Volumen 5, (1984) páginas 197-335
520 ## - NOTA DE RESUMEN, ETC.
Nota de sumario, etc. La isla del tesoro narra una aventura de un tiempo lejano, en el que todavía había piratas y tesoros escondidos en islas desiertas. En esta novela, un mapa de una isla cae en manos del joven Jim Hawkins. El mapa indica el lugar donde el mayor pirata de todos los tiempos ha escondido su botín. Junto con un barón, un médico y una colorida tripulación, Jim parte en busca de la isla. Una parte de la tripulación resulta estar compuesta por mercenarios amotinados, por lo que los buenos buscadores del tesoro deberán sortear un sinnúmero de obstáculos antes de poder obtener su recompensa. Son pocos los marineros que regresan sanos y salvos a Inglaterra. El autor recurre a un apreciado tema de las novelas de aventura del siglo XIX: la búsqueda del tesoro pirata. Con el lenguaje simple y colorido de La Isla del tesoro, Stevenson da una impronta personal al género. Su novela constituye uno de los puntos cúlmines de la literatura de aventuras y ha encontrado ávidos lectores no solo entre los adolescentes, sino también en el público adulto.<br/><br/>
653 ## - TÉRMINO DE INDIZACIÓN - NO CONTROLADO
Término no controlado Literatura universal
773 0# - ASIENTO DE ITEM FUENTE
Biblionumber 67924
Itemnumber 81131
Asiento principal Oveja Negra,
Otro identificador del ítem 24694
Título Maestros de la literatura universal
Número de control del registro (CO-MdFUSB)768714001
International Standard Book Number 8482806718
942 ## - TIPO DE MATERIAL (KOHA)
Tipo de Item KOHA Libros General

No hay ítems disponibles.

Biblioteca FUSBC | Teléfono: (57+4) 349 88 10 Ext. 141| WhatsApp (+57) 3005338115 
E-mail: biblioteca@unisbc.edu.co | Calle 76 87-14 Robledo Palenque, Medellín, Colombia

Con tecnología Koha